000 00694nam a2200241 u 4500
005 20230202063730.0
008 120628m20032011mx r 000 0 spa d
020 _a9682708958 (10 dígitos)
020 _a9789682708954 (13 dígitos)
035 _aUPN01000185586
049 _aCG
050 4 _aPQ7297 B4.7
_bC6.5
100 1 _aBernal, Rafael,
_d1915-1972
_934992
245 1 3 _aEl complot mongol /
_cRafael Bernal.
260 _aMéxico :
_bBooket :
_bPlaneta,
_c2003 (2011 impr.).
300 _a214 p.
440 0 _aNovela
650 4 _aNovela mexicana
_ySiglo XX
_96052
650 2 _aNovela policiaca y de misterio
_98409
905 _aLibro
999 _c157689
_d157689